[Event "6th Open"]
[Site "Kalamaria GRE"]
[Date "2009.08.28"]
[Round "8"]
[White "Zakarian,D"]
[Black "Muzychuk,A"]
[Result "1-0"]
[WhiteElo "2296"]
[BlackElo "2542"]

1.e4 c5 2.Nc3 Nc6 3.Bb5 Qc7 4.Nf3 Nf6 5.O-O Nd4 6.Bc4 e6 7.d3 a6 8.a4 Be7
9.Nxd4 cxd4 10.Ne2 Bc5 11.Bb3 h6 12.Nf4 d6 13.Nh5 Nxh5 14.Qxh5 g6 15.Qe2 Qe7
16.Bd2 Bd7 17.Bc4 Rc8 18.b4 Ba7 19.Bb3 e5 20.f4 Be6 21.f5 Bxb3 22.cxb3 g5
23.Rac1 Kd7 24.Qh5 Rxc1 25.Rxc1 f6 26.Rc2 Qe8 27.Qd1 h5 28.b5 axb5 29.Ba5 b6
30.Bd2 Qf7 31.axb5 Rc8 32.Rc4 Rxc4 33.bxc4 Kc8 34.Qa4 Qb7 35.Qa2 Qf7 36.Kf2 Bb8
37.Bb4 Qd7 38.Qa3 Qc7 39.Bd2 Qa7 40.Qb3 Qf7 41.h4 g4 42.Kg3 Qg7 43.Qa2 Qb7
44.c5 dxc5 45.Qg8+ Kc7 46.Qf7+ Kc8 47.Qf8+ Kd7 48.Qxf6 Bd6 49.Bg5 Qb8 50.Qe6+ Kc7
51.Qf7+ Kc8 52.Qxh5 Qc7 53.Qe8+ Kb7 54.h5  1-0

[Event "6th Open"]
[Site "Kalamaria GRE"]
[Date "2009.08.29"]
[Round "9"]
[White "Jaracz,P"]
[Black "Zakarian,D"]
[Result "1/2-1/2"]
[WhiteElo "2539"]
[BlackElo "2296"]

1.e4 c5 2.Nf3 Nc6 3.Nc3 d6 4.d4 cxd4 5.Nxd4 e5 6.Nf3 Be7 7.Bc4 Nf6 8.Bg5 Be6
9.Bb3 O-O 10.Bxf6 Bxf6 11.Nd5 Bxd5 12.Bxd5 Qb6 13.Bb3 Qb4+ 14.Nd2 Bg5 15.f3 Rad8
16.c3 Qc5 17.Qe2 b5 18.Bd5 Ne7 19.Nb3 Qb6 20.Rd1 Kh8 21.Na1 f5 22.Nc2 fxe4
23.fxe4 Rf6 24.h4 Bf4 25.Rd3 Nxd5 26.Rxd5 Bg3+ 27.Kd1 a6 28.Qe3 Qxe3 29.Nxe3 g6
30.Rh3 Bf4 31.Rf3 Kg7 32.Ng4 Rff8 33.Ke2 h5 34.Nf2 g5 35.hxg5 Bxg5 36.Rxf8 Kxf8
37.Nd3 Ke7 38.a4 bxa4 39.Ra5 Bh4 40.Rxa6 Rg8 41.Kf1 Rg3 42.Nb4 Ke6 43.Nd5 Rg7
44.Ne3 Rb7 45.Nf5 Be7 46.Rxa4 Rxb2 47.Ra7 Bf6 48.Ra6 Be7 49.Ra8 Bf6 50.Re8+ Kd7
51.Rf8 Bd8 52.Rh8 Bb6 53.Rxh5  1/2-1/2

[Event "43rd Open"]
[Site "Mislata ESP"]
[Date "2009.08.29"]
[Round "8"]
[White "Rabineau,C"]
[Black "Schalk,M"]
[Result "1-0"]
[WhiteElo "2263"]
[BlackElo "2102"]

1.e4 c5 2.Nf3 Nc6 3.Nc3 g6 4.Bb5 Bg7 5.O-O d6 6.Re1 e5 7.a3 Ne7 8.b4 b6 9.Nd5 O-O
10.Bxc6 Nxc6 11.d3 Bg4 12.h3 Bxf3 13.Qxf3 Nd4 14.Qd1 Qh4 15.c3 Ne6 16.Qg4 Qxg4
17.hxg4 Nf4 18.Bxf4 exf4 19.Rac1 g5 20.b5 Rfd8 21.a4 a6 22.a5 axb5 23.axb6 Ra3
24.Ra1 Rxa1 25.Rxa1 Rb8 26.Ne7+ Kh8 27.b7 Rxb7 28.Ra8+ Bf8 29.Rxf8+ Kg7 30.Rg8+ Kf6
31.Nd5+ Ke6 32.Re8+ Kd7 33.Re7+ Kc6 34.Rxb7 Kxb7 35.Kf1  1-0

[Event "XI Sants Open"]
[Site "Barcelona ESP"]
[Date "2009.08.30"]
[Round "10"]
[White "Sowray,P"]
[Black "Pogorelov,R"]
[Result "0-1"]
[WhiteElo "2335"]
[BlackElo "2441"]

1.e4 c5 2.Nc3 Nc6 3.Bb5 Nd4 4.Ba4 Qa5 5.Nf3 b5 6.Nxd4 cxd4 7.b4 Qxb4 8.Nxb5 Qxa4
9.Nc7+ Kd8 10.Nxa8 Qc6 11.O-O Qxa8 12.Qh5 Qc6 13.d3 Nf6 14.Qa5+ Qc7 15.Qa4 e5
16.f4 Ng4 17.fxe5 Nxe5 18.Bg5+ Ke8 19.Rab1 f6 20.Bh4 Bd6 21.h3 Ke7 22.Kh1 Nc6
23.c3 Be5 24.cxd4 Bxd4 25.Rbc1 Qa5 26.Qb3 Ba6 27.Rf5 Qb4 28.Qd5 Qb2 29.Re1 Be5
30.Bf2 Qb5 31.Bc5+ Ke8 32.d4 Bg3 33.Ref1 Qc4 34.Qxc4 Bxc4 35.Rc1 Bxa2 36.Rf3 Bh4
37.d5 Ne5 38.Ra3 Bc4 39.Bd6 Bg5 40.Rc2 Kf7 41.Bxe5 Bb5 42.Bd6 a6 43.Ra1 Be3
44.Re1 Bd4 45.g3 Re8 46.Kh2 h5 47.h4 Be5 48.Bxe5 Rxe5 49.Rc3 Ke7 50.Kg2 Kd6
51.Kf3 f5 52.Rce3 fxe4+ 53.Rxe4 Rxd5 54.Kf4 a5 55.Re5 a4 56.R1e3 Kc5 57.Re8 Bd3
58.R3e7 a3 59.Rxg7 Kb4 60.Ra8 Ra5 61.Rxa5 Kxa5 62.Rxd7 a2 63.Rxd3 a1=Q 64.Rd5+ Kb4
65.Rxh5 Qd4+ 66.Kf5 Qf2+ 67.Kg4 Qe2+ 68.Kg5 Kc4 69.Kh6 Qe6+ 70.Kg7 Qe7+ 71.Kg6 Qd6+
72.Kf5 Qxg3 73.Rg5 Qf2+ 74.Kg4 Kd4 75.Rf5 Qg2+ 76.Kf4 Qh3 77.Rf6 Qxh4+ 78.Kf5 Kd5
79.Rf7 Qh5+ 80.Kf6 Qh6+ 81.Ke7 Ke5 82.Ke8 Qh8+ 83.Ke7 Qc8 84.Rg7 Qc7+ 85.Kf8 Qd8+
86.Kf7 Kf5 87.Rg1 Qd5+ 88.Ke8 Qe4+ 89.Kf7 Qc4+ 90.Ke8 Kf6 91.Kd7 Qd4+  0-1

[Event "TCh-SRB 1st League"]
[Site "Kragujevac SRB"]
[Date "2009.09.01"]
[Round "1"]
[White "Perunovic,Mil"]
[Black "Halkias,S"]
[Result "1/2-1/2"]
[WhiteElo "2572"]
[BlackElo "2570"]

1.e4 c5 2.Nf3 Nc6 3.Nc3 Nf6 4.Bb5 Qc7 5.d3 e6 6.O-O Nd4 7.Nxd4 cxd4 8.Ne2 a6
9.Ba4 b5 10.Bb3 Bc5 11.Bf4 d6 12.Rc1 Bb7 13.c3 dxc3 14.d4 Bb6 15.Nxc3 Qd7
16.Re1 O-O 17.Bg5 Kh8 18.Bc2 Bd8 19.Qd3 e5 20.Rcd1 Qg4 21.Be3 Ba5 22.f3 Qg6
23.dxe5 dxe5 24.Qd6 Rfe8 25.Qa3 Bd8 26.Bb3 Rc8 27.Qd6 Ba5 28.Qa3 Bd8  1/2-1/2

[Event "II Open"]
[Site "Sabadell ESP"]
[Date "2009.09.02"]
[Round "2"]
[White "Solodovnichenko,Y"]
[Black "Llaneza Vega,P"]
[Result "1-0"]
[WhiteElo "2601"]
[BlackElo "2277"]

1.e4 c5 2.Nc3 Nc6 3.Nge2 Nd4 4.d3 g6 5.Nxd4 cxd4 6.Ne2 Bg7 7.c3 dxc3 8.Nxc3 e6
9.d4 Ne7 10.Be2 O-O 11.O-O Qb6 12.Be3 Qxb2 13.Nb5 d5 14.Bd2 a6 15.Bc3 Qxa1
16.Qxa1 axb5 17.Bb4 Re8 18.Bxb5 Nc6 19.e5 Bd7 20.Bxc6 Bxc6 21.Rc1 Bh6 22.Qb1 Rec8
23.Bc5 Ra4 24.a3 Rca8 25.h4 Bf8 26.Bxf8 Kxf8 27.Rc3 Rc4 28.Qb2 Rca4 29.h5 R8a6
30.h6 Rc4 31.Rf3 b5 32.Qd2 Be8 33.Qf4 b4 34.axb4 Rxb4 35.Qh4 Raa4 36.Qd8 Rb7
37.Rf4 Re7 38.Kh2 Raa7 39.Rf3 Rad7 40.Qa5 Ra7 41.Qb4 Rb7 42.Qd2 Rec7 43.Qg5 Rc4
44.Rf4 Rbb4 45.Qd8 Rb7 46.Qf6  1-0

[Event "TCh-SRB 1st League"]
[Site "Kragujevac SRB"]
[Date "2009.09.04"]
[Round "4"]
[White "Solak,D"]
[Black "Halkias,S"]
[Result "1/2-1/2"]
[WhiteElo "2583"]
[BlackElo "2570"]

1.e4 c5 2.Nc3 Nc6 3.Nf3 Nf6 4.Bb5 Qc7 5.d3 Nd4 6.Ba4 e6 7.O-O a6 8.Nxd4 cxd4
9.Ne2 b5 10.Bb3 Bc5 11.c3 dxc3 12.e5 Nd5 13.Bxd5 exd5 14.Nxc3 b4 15.Nxd5 Qc6
16.d4 Qxd5 17.dxc5 Bb7 18.Qxd5 Bxd5 19.Rd1 Bc6 20.Rd4 a5 21.Rd6 O-O 22.Be3 Rfe8
23.Bd4 Re6 24.f4 Rae8 25.Kf2 f6 26.Rxe6 Rxe6 27.g4 fxe5 28.Bxe5 Kf7 29.Re1 Re8
30.Kg3 g6 31.Re3 Re7 32.Rd3 Re8 33.Rd4 Re7 34.Rd6 Re6 35.Rd2 Re8 36.Rd3 Re7
37.Kf2 Re8 38.Kg3 Re7 39.Kh4 h6 40.Kg3 Re8 41.Kf2 Re6 42.Rh3 g5 43.Ke3 Bg2
44.Rh5 gxf4+ 45.Kxf4 Rg6 46.Kg3 Bd5 47.Bf4 Be6 48.h3 Kg7 49.c6 dxc6 50.Rxa5 Bd5
51.Ra7+ Kg8 52.b3 h5 53.g5 Re6 54.Rb7 Re2 55.Rxb4 Rxa2 56.Kh4 Bf7 57.Rb6 Rc2
58.g6 Bxg6 59.Kg5  1/2-1/2

[Event "6th LGA Premium Cup"]
[Site "Nuernberg GER"]
[Date "2009.09.04"]
[Round "2"]
[White "Meinhardt,Ma"]
[Black "Bauer,Andreas1"]
[Result "1-0"]
[WhiteElo "2406"]
[BlackElo "2200"]

1.e4 c5 2.Nc3 Nc6 3.Bb5 g6 4.Bxc6 bxc6 5.d3 Bg7 6.f4 d6 7.Nf3 Nf6 8.O-O O-O
9.Qe1 Rb8 10.b3 Bg4 11.Nh4 Bd7 12.Bd2 d5 13.e5 Ng4 14.h3 Nh6 15.Qf2 f6 16.Qxc5 fxe5
17.fxe5 e6 18.Nf3 Nf7 19.d4 Qc7 20.Na4 h6 21.Ba5 Qc8 22.Qxa7 Ra8 23.Qc5 Qa6
24.Bd2 Rfe8 25.Qc3 Bf8 26.Nh4 c5 27.Qf3 Nh8 28.Nxg6 Bxa4 29.Qg4 Nxg6 30.Qxg6+ Bg7
31.Rf7  1-0

[Event "2nd WTeam w"]
[Site "Ningbo CHN"]
[Date "2009.09.05"]
[Round "4"]
[White "Zdebskaja,N"]
[Black "Majdan,J"]
[Result "1/2-1/2"]
[WhiteElo "2410"]
[BlackElo "2361"]

1.e4 c5 2.Nf3 Nc6 3.Nc3 d6 4.d4 cxd4 5.Nxd4 Nf6 6.Be2 e5 7.Nf3 h6 8.O-O Be7
9.Re1 O-O 10.h3 Be6 11.Bf1 Qa5 12.a3 Rfc8 13.Rb1 Qd8 14.Nd5 Nb8 15.c4 Nbd7
16.b4 b5 17.Nxe7+ Qxe7 18.cxb5 Nb6 19.Bb2 Nc4 20.Bxc4 Bxc4 21.a4 Qe6 22.Re3 Rc7
23.Nd2 Rac8 24.Rc1 Qe7 25.Rec3 d5 26.exd5 Bxd5 27.Qe2 Rxc3 28.Rxc3 Re8 29.Rc5 Qb7
30.f3 Nh5 31.Ne4 Nf4 32.Qc2 Qb6 33.Kh2 Qe6 34.Rc7 Rd8 35.Bc1 f5 36.Ng3 Rf8
37.Qc3 Ng6 38.Rxa7 f4 39.Nf1 Nh4 40.Ra6 Qf5 41.Qc5  1/2-1/2

[Event "6th LGA Premium Cup"]
[Site "Nuernberg GER"]
[Date "2009.09.05"]
[Round "4"]
[White "Walch,R"]
[Black "Eichler,C"]
[Result "1/2-1/2"]
[WhiteElo "1738"]
[BlackElo "2338"]

1.e4 c5 2.Nf3 Nc6 3.Nc3 g6 4.d4 cxd4 5.Nxd4 Bg7 6.Be3 Nf6 7.f3 O-O 8.Qd2 d5
9.Nxc6 bxc6 10.O-O-O Qa5 11.Bh6 dxe4 12.Bxg7 Kxg7 13.Bc4 exf3 14.gxf3 Ba6
15.Bb3 c5 16.Qg5 Qb4 17.a3 Qb7 18.h4 Qxf3 19.Qxc5 e6 20.Qe5 Qh5 21.Qd6 Bb7
22.Rhf1 Bf3 23.Qf4 Bxd1 24.Qxf6+ Kg8 25.Rxd1 Qf5 26.Qxf5 gxf5 27.Ne2 Kg7
28.Rd7 Kf6 29.Nf4 Rg8 30.Nh5+ Kg6 31.Nf4+ Kf6 32.Nh5+ Kg6 33.Nf4+ Kf6 34.Nh5+  1/2-1/2

[Event "ch-RUS HL"]
[Site "Ulan Ude RUS"]
[Date "2009.09.05"]
[Round "4"]
[White "Yemelin,V"]
[Black "Belous,V"]
[Result "1-0"]
[WhiteElo "2570"]
[BlackElo "2426"]

1.e4 c5 2.Nc3 Nc6 3.Bb5 g6 4.Bxc6 dxc6 5.d3 Bg7 6.Be3 c4 7.d4 Nf6 8.f3 O-O
9.Qd2 Qa5 10.Bh6 Rd8 11.Bxg7 Kxg7 12.Nge2 h6 13.h4 c5 14.d5 b5 15.h5 g5 16.f4 g4
17.Ng3 b4 18.Nd1 Bb7 19.Ne3 e6 20.Qe2 exd5 21.e5 b3+ 22.c3 Kh8 23.O-O d4
24.Nxc4 Qb5 25.exf6 d3 26.Qe7 Rd7 27.Nd6 Qc6 28.Nxf7+ Kg8 29.Nxh6+ Kh8 30.Nf7+ Kg8
31.Qe4 Qxe4 32.Nxe4 Bxe4 33.Ne5 Rd5 34.axb3 g3 35.c4 Rd6 36.Rfd1 a5 37.f7+ Kg7
38.Rd2 Rh6 39.Re1  1-0

[Event "6th LGA Premium Cup"]
[Site "Nuernberg GER"]
[Date "2009.09.06"]
[Round "6"]
[White "Meinhardt,Ma"]
[Black "Kersten,U"]
[Result "0-1"]
[WhiteElo "2406"]
[BlackElo "2294"]

1.e4 c5 2.Nc3 Nc6 3.Bb5 Nd4 4.Bc4 e6 5.Nf3 Nf6 6.O-O a6 7.Re1 b5 8.Bf1 Bb7
9.d3 Nxf3+ 10.Qxf3 Be7 11.Qg3 O-O 12.e5 Ne8 13.a4 b4 14.Ne4 Kh8 15.b3 f6
16.exf6 gxf6 17.Bb2 Rg8 18.Qh4 Rg6 19.Re3 Nc7 20.Rg3 Rxg3 21.hxg3 e5 22.g4 d6
23.Qh3 Ne6 24.Re1 Qf8 25.Re3 Qf7 26.Qh6 Rg8 27.Rg3 Rg6 28.Qh2 Qg7 29.Be2 Nf4
30.Kf1 Rh6 31.Qg1 Rh4 32.Bc1 Qh6 33.Bxf4 exf4 34.Rh3 f3 35.Bxf3  0-1

[Event "XXXII Banicky kahanec"]
[Site "Prievidza CZE"]
[Date "2009.09.07"]
[Round "4"]
[White "Simacek,P"]
[Black "Hirneise,T"]
[Result "1-0"]
[WhiteElo "2499"]
[BlackElo "2427"]

1.e4 c5 2.Nf3 Nc6 3.Nc3 d6 4.d4 cxd4 5.Nxd4 Nf6 6.Bg5 e6 7.Qd2 a6 8.O-O-O Bd7
9.f3 Be7 10.g4 h5 11.gxh5 Nxh5 12.Bxe7 Qxe7 13.Rg1 O-O-O 14.Nb3 g6 15.Kb1 Kb8
16.Rg2 Bc8 17.Qe3 Nf6 18.Rgd2 d5 19.Nd4 Nxd4 20.Rxd4 dxe4 21.fxe4 Ka8 22.e5 Rxd4
23.Qxd4 Nd7 24.Ne4 Nb8 25.Nd6 Nc6 26.Qf4 Kb8 27.Bg2 Nd8 28.a3 Bd7 29.Rf1 Qh4
30.Qe3 Qg4 31.Be4 Qh3 32.Rf3 Qxh2 33.Qb6  1-0

[Event "ch-RUS HL"]
[Site "Ulan Ude RUS"]
[Date "2009.09.07"]
[Round "6"]
[White "Gabrielian,A"]
[Black "Belous,V"]
[Result "1/2-1/2"]
[WhiteElo "2513"]
[BlackElo "2426"]

1.e4 c5 2.Nf3 Nc6 3.Nc3 g6 4.d4 cxd4 5.Nxd4 Bg7 6.Be3 Nf6 7.Bc4 O-O 8.Bb3 d6
9.f3 Qa5 10.Qd2 Nxd4 11.Bxd4 Be6 12.O-O-O b5 13.Kb1 b4 14.Nd5 Bxd5 15.exd5 Qb5
16.Qd3 Qxd3 17.Rxd3 Rfc8 18.Re1 Rc7 19.c3 a5 20.cxb4 axb4 21.g4 Rac8 22.Rdd1 Bh6
23.a4 bxa3 24.bxa3 Kf8 25.Ka2 Nd7 26.Ba4 Ne5 27.Bxe5 dxe5 28.Bc6 e6 29.Rb1 exd5
30.Bxd5 Ra7 31.Rb7 Rxb7 32.Bxb7 Rc3 33.a4 Bc1 34.Kb1 Be3 35.a5 Rb3+ 36.Ka2 Bf2
37.Kxb3 Bxe1 38.a6 Bf2 39.g5 Kg7 40.Kc4 h6 41.Kd5 f6 42.gxh6+ Kxh6 43.Ke6 Kg7
44.Be4 Be3 45.Bd3 Bf2 46.Ke7 Be3 47.Kd6 Kh6 48.Ke6 Kg7 49.Bb5 Bf2 50.Be8 Be3
51.h4 Bd4 52.h5 gxh5 53.Bxh5 Kh6  1/2-1/2

[Event "ch-RUS HL"]
[Site "Ulan Ude RUS"]
[Date "2009.09.07"]
[Round "6"]
[White "Kurnosov,I"]
[Black "Maletin,P"]
[Result "1/2-1/2"]
[WhiteElo "2669"]
[BlackElo "2576"]

1.e4 c5 2.Nf3 Nc6 3.Nc3 Nf6 4.Bb5 Qc7 5.d3 e6 6.O-O Be7 7.Re1 O-O 8.e5 Nd5
9.Nxd5 exd5 10.c4 d6 11.exd6 Bxd6 12.cxd5 Nd4 13.Nxd4 Bxh2+ 14.Kh1 cxd4 15.Qh5 Bf4
16.g3 Bxc1 17.Raxc1 Qb6 18.Bc4 Qf6 19.Kg2 Bf5 20.f4 Rfe8 21.Qf3 Re3 22.Rxe3 dxe3
23.Re1 Re8 24.Rxe3 Qxb2+ 25.Qf2 Qxf2+ 26.Kxf2 Kf8 27.Re5 Bd7 28.d6 Bc6 29.Ra5 a6
30.Rc5 Rd8 31.Bxa6 Rxd6 32.Bc4 b6 33.Rh5 h6 34.Ke3 Rg6 35.Kf2 Rd6 36.Ke3 Rg6
37.Kf2  1/2-1/2

[Event "II Open"]
[Site "Sabadell ESP"]
[Date "2009.09.08"]
[Round "7"]
[White "Alonso Moyano,J"]
[Black "Llaneza Vega,P"]
[Result "1/2-1/2"]
[WhiteElo "2389"]
[BlackElo "2277"]

1.e4 c5 2.Nc3 Nc6 3.Bb5 Nd4 4.Bc4 a6 5.Nge2 b5 6.Bd5 Rb8 7.a3 e6 8.Ba2 Bb7
9.d3 Nf6 10.Nxd4 cxd4 11.Ne2 Qb6 12.O-O Be7 13.h3 Rc8 14.Bd2 O-O 15.Kh1 a5
16.f4 Qc5 17.Rc1 b4 18.axb4 axb4 19.Qe1 d5 20.e5 Ne4 21.dxe4 dxe4  1/2-1/2

[Event "FSIMA September"]
[Site "Budapest HUN"]
[Date "2009.09.10"]
[Round "6"]
[White "Lyell,M"]
[Black "Gruenhagen,M"]
[Result "1-0"]
[WhiteElo "2217"]
[BlackElo "2113"]

1.e4 c5 2.Nc3 Nc6 3.Bb5 Nd4 4.Bc4 d6 5.Nge2 Nf6 6.d3 g6 7.Nxd4 cxd4 8.Ne2 e5
9.O-O Be6 10.Bxe6 fxe6 11.c3 dxc3 12.bxc3 Be7 13.Qb3 Qd7 14.Rb1 O-O 15.Qxb7 Rab8
16.Qxd7 Nxd7 17.Be3 Nc5 18.Bxc5 dxc5 19.Rb3 Rxb3 20.axb3 Rb8 21.Rb1 a5 22.c4 Rd8
23.Nc1 Bg5 24.Kf1 Rb8 25.Ke2 a4 26.Kd1 Bxc1 27.Kxc1 a3 28.Kc2 Kf7 29.Ra1 Ra8
30.Kc3 h6 31.b4 cxb4+ 32.Kxb4 a2 33.Kb3 Rd8 34.Rxa2 Rxd3+ 35.Kb4 Ke7 36.Kc5 Rc3
37.Rd2 Rc1 38.Kb5 Rb1+ 39.Kc6 Rc1 40.c5 g5 41.Kb6 Rb1+ 42.Kc7 Rc1 43.c6 h5
44.Rd7+ Ke8 45.Kd6 Rc2 46.c7  1-0

[Event "ch-RUS HL"]
[Site "Ulan Ude RUS"]
[Date "2009.09.10"]
[Round "8"]
[White "Shomoev,A"]
[Black "Belous,V"]
[Result "1/2-1/2"]
[WhiteElo "2566"]
[BlackElo "2426"]

1.e4 c5 2.Nf3 Nc6 3.Nc3 Nf6 4.d4 d5 5.exd5 Nxd5 6.dxc5 Nxc3 7.Qxd8+ Kxd8
8.bxc3 f6 9.Be3 e5 10.Bc4 Kc7 11.O-O-O Bd7 12.Nd2 Be7 13.f4 Rad8 14.h3 Na5
15.fxe5 fxe5 16.Bd3 Bc6 17.Nb3 b6 18.cxb6+ axb6 19.Rd2 h6 20.Rf1 Rhf8 21.Rdf2 Ba3+
22.Kb1 Bxg2 23.Rxf8 Bxf8 24.Rf7+ Kc6 25.a4 Bd5 26.Nxa5+ bxa5 27.Ra7 Rb8+
28.Kc1 Bf3 29.Bb5+ Kd6 30.c4 Bb7 31.c5+ Kd5 32.c4+ Ke6 33.c6 Bc8 34.c7 Rb7
35.Ra8 Rxc7 36.Bb6 Ba3+ 37.Kc2 Bb7 38.Rxa5 Rf7 39.Ra7 Be4+ 40.Kb3 Rf3+ 41.Ka2 Bc1
42.Bc5 Rc3 43.Rxg7 Rc2+ 44.Kb3 Rb2+ 45.Kc3 Rc2+ 46.Kb3 Rb2+ 47.Kc3 Rc2+  1/2-1/2

[Event "TCh-SRB 1st League"]
[Site "Kragujevac SRB"]
[Date "2009.09.11"]
[Round "10"]
[White "Nadj Hedjesi,B"]
[Black "Grujic,Z"]
[Result "1/2-1/2"]
[WhiteElo "2454"]
[BlackElo "2347"]

1.e4 c5 2.Nc3 Nc6 3.Nge2 d6 4.d4 cxd4 5.Nxd4 Nf6 6.Bg5 e6 7.h3 a6 8.Be2 Be7
9.O-O O-O 10.a3 Qc7 11.Nb3 b5 12.Be3 Ne5 13.f4 Nc4  1/2-1/2

[Event "TCh-SRB 1st League"]
[Site "Kragujevac SRB"]
[Date "2009.09.11"]
[Round "10"]
[White "Perunovic,Mil"]
[Black "Vuckovic,Bo"]
[Result "0-1"]
[WhiteElo "2572"]
[BlackElo "2600"]

1.e4 c5 2.Nf3 Nc6 3.Nc3 g6 4.Bb5 Bg7 5.Bxc6 bxc6 6.d3 d6 7.e5 Nh6 8.exd6 exd6
9.Qe2+ Be6 10.O-O O-O 11.Bg5 Qd7 12.Rfe1 Rae8 13.Qd2 Nf5 14.Ne4 f6 15.Bf4 g5
16.Bg3 h6 17.h3 Nxg3 18.Nxg3 f5 19.c3 f4 20.Ne4 Bf5 21.Qc2 c4 22.Rad1 cxd3
23.Qxd3 Rxe4 24.Rxe4 d5  0-1

[Event "7th ch-Mediterranean"]
[Site "Rijeka CRO"]
[Date "2009.09.12"]
[Round "2"]
[White "Pejic,Ig"]
[Black "Gator,Mosab"]
[Result "0-1"]
[WhiteElo "1862"]
[BlackElo "2139"]

1.e4 c5 2.Nf3 Nc6 3.Nc3 g6 4.d4 cxd4 5.Nxd4 Bg7 6.Be3 Nf6 7.f3 O-O 8.Be2 d5
9.exd5 Nxd5 10.Nxd5 Qxd5 11.Nxc6 Qxc6 12.c3 Bf5 13.Qb3 Qc7 14.f4 e5 15.O-O Bh6
16.Qc4 Qb8 17.Bc1 Bg7 18.fxe5 Qxe5 19.Bf4 Qf6 20.Kh1 Rad8 21.Qb3 Rd7 22.Rae1 a6
23.Be3 Qd8 24.Bc1 Qa5 25.a3 b5 26.Rd1 Re7 27.Bf3 Qc7 28.Rfe1 Rfe8 29.Rxe7 Qxe7
30.h3 Qh4 31.Rf1 Be5 32.Bg4 Qg3 33.Kg1 Qh2+ 34.Kf2 Bg3+ 35.Kf3 Be4+ 36.Ke3 Bd5+  0-1

[Event "7th ch-Mediterranean"]
[Site "Rijeka CRO"]
[Date "2009.09.12"]
[Round "3"]
[White "Plenca,J"]
[Black "Dembo,Y"]
[Result "1/2-1/2"]
[WhiteElo "2296"]
[BlackElo "2482"]

1.e4 c5 2.Nf3 Nc6 3.Nc3 d6 4.d4 cxd4 5.Nxd4 Nf6 6.h3 e5 7.Nde2 Be6 8.Bg5 Be7
9.g3 O-O 10.Bxf6 Bxf6 11.Bg2 Ne7 12.O-O Qd7 13.Kh2 b5 14.Qd2 Rac8 15.a3 Rfd8
16.Rfd1 a6 17.Qe3 Qc7 18.Rd2 Qb8 19.Rad1 Rc4 20.b3 Rcc8 21.Rd3 Rd7 22.Qd2 Rcd8
23.h4 Qb6 24.Qe1 Qc5 25.b4 Qc8 26.Nd5 Nxd5 27.exd5 Bf5 28.Rc3 Rc7  1/2-1/2

[Event "ch-RUS HL"]
[Site "Ulan Ude RUS"]
[Date "2009.09.12"]
[Round "10"]
[White "Anisimov,P2"]
[Black "Belous,V"]
[Result "1-0"]
[WhiteElo "2518"]
[BlackElo "2426"]

1.e4 c5 2.Nc3 Nc6 3.Nge2 g6 4.d4 cxd4 5.Nxd4 Bg7 6.Be3 Nf6 7.Bc4 O-O 8.Bb3 d6
9.f3 Qa5 10.Qd2 Nxd4 11.Bxd4 Be6 12.O-O-O b5 13.Kb1 b4 14.Nd5 Bxd5 15.exd5 Qb5
16.Qd3 Qxd3 17.Rxd3 Rfc8 18.Re1 Rc7 19.c3 a5 20.cxb4 axb4 21.Rdd1 Kf8 22.Rc1 Rxc1+
23.Rxc1 Nd7 24.Be3 Nc5 25.Rc4 Nxb3 26.axb3 Be5 27.f4 Bf6 28.Bb6 Rb8 29.Rxb4 Ke8
30.Ba5 Rxb4 31.Bxb4 Bd4 32.Kc2 Kd7 33.Bc3 Be3 34.g3 Bg1 35.h3 Bh2 36.Be1 h5
37.b4 h4 38.g4 Bxf4 39.Bxh4 e6 40.Bf2 exd5 41.h4 Kc6 42.Kd3 Bh6 43.Be3 Bg7
44.h5 gxh5 45.gxh5 Kb5 46.h6 Bxh6 47.Bxh6 Kxb4 48.Kc2 f5 49.Be3 Kc4 50.b3+ Kb4
51.Bd2+ Ka3 52.Bf4 Kb4 53.Bxd6+ Kb5 54.Kd3 Kc6 55.Bf4 Kc5 56.Bd2 Kb5 57.Kd4 f4
58.Kd3  1-0

[Event "ch-RUS HL"]
[Site "Ulan Ude RUS"]
[Date "2009.09.13"]
[Round "11"]
[White "Amonatov,F"]
[Black "Frolyanov,D"]
[Result "1/2-1/2"]
[WhiteElo "2643"]
[BlackElo "2557"]

1.e4 c5 2.Nf3 Nc6 3.Nc3 Nf6 4.Bb5 Qc7 5.d3 Nd4 6.Bc4 e6 7.O-O Ng4 8.g3 Nxf3+
9.Qxf3 Ne5 10.Qh5 a6 11.a4 g6 12.Qe2 Bg7 13.f4 Nxc4 14.dxc4 Bxc3 15.bxc3 f5
16.exf5 gxf5 17.Qe5 Qxe5 18.fxe5 a5 19.Rd1 b6 20.Rd6 Ba6 21.Rxb6 Bxc4 22.Be3 Bd5
23.Bxc5 Bc6 24.Be3 Rg8 25.Kf2 Kf7 26.c4 Rgb8 27.c5 Rg8 28.c4 h5 29.h4 Rg4
30.Bf4 Ke8 31.Ke3 Kd8 32.Kd4 Kc7 33.Rb5 Kc8 34.Kc3 Kc7 35.Rd1 Ra6 36.Rd3 Ra8
37.Kb3 Be4 38.Rc3 Bc6 39.Ka3 Bg2 40.Rb6 Bc6 41.Rcb3 Kc8 42.Rc3 Kc7 43.Bg5 Re8
44.Ra6 Ra8 45.Rb6 Re8 46.Bf4  1/2-1/2

[Event "FSIMA September"]
[Site "Budapest HUN"]
[Date "2009.09.14"]
[Round "10"]
[White "Lyell,M"]
[Black "Turzo,A"]
[Result "1/2-1/2"]
[WhiteElo "2217"]
[BlackElo "2314"]

1.e4 c5 2.Nc3 Nc6 3.Bb5 Nd4 4.Bc4 e6 5.Nge2 Nxe2 6.Qxe2 d6 7.O-O Nf6 8.f4 Be7
9.e5 dxe5 10.Bb5+ Nd7 11.fxe5 O-O 12.d3 a6 13.Bxd7 Qxd7 14.Kh1 b6 15.Ne4 f5
16.exf6 Bxf6 17.Bg5 Be7 18.Bxe7 Rxf1+ 19.Rxf1 Qxe7 20.Qg4 e5 21.Qg5 Qxg5
22.Nxg5 Bb7 23.Re1 Re8 24.Kg1 h6 25.Ne4 Bxe4 26.Rxe4 b5 27.Kf2 Kf7 28.h4 Kf6
29.Re3 g6 30.Rf3+ Ke6 31.Ke3 Rc8 32.g4 c4 33.g5 cxd3 34.Kxd3 hxg5 35.hxg5 Kd5
36.Rf6 e4+ 37.Kd2 Rc6 38.Rxc6 Kxc6 39.Ke3 Kd5 40.c3 Ke5 41.b3 Kf5 42.c4 bxc4
43.bxc4 Kxg5 44.Kxe4 Kf6 45.Kd5 Ke7 46.Kc6 g5 47.c5 g4 48.Kb7 g3 49.c6 g2
50.c7 g1=Q 51.c8=Q Qb1+ 52.Ka7 Qxa2 53.Qxa6 Qxa6+ 54.Kxa6  1/2-1/2

[Event "Quality Chess Int"]
[Site "Edinburgh SCO"]
[Date "2009.09.15"]
[Round "4"]
[White "Eggleston,D"]
[Black "Tate,A"]
[Result "1-0"]
[WhiteElo "2368"]
[BlackElo "2175"]

1.e4 c5 2.Nc3 Nc6 3.Nge2 g6 4.d4 cxd4 5.Nxd4 Bg7 6.Be3 Nf6 7.Nb3 d6 8.Be2 Be6
9.O-O O-O 10.f4 Qc8 11.Bf3 Bg4 12.h3 Bxf3 13.Qxf3 Qe6 14.Rad1 Rac8 15.a3 b5
16.g4 b4 17.f5 Qc4 18.Nd2 Qa6 19.axb4 Nxb4 20.Ra1 Qc6 21.Rxa7 Nxc2 22.Rxe7 Nxe3
23.Qxe3 Rfe8 24.Rxe8+ Rxe8 25.g5 Nxe4 26.Ncxe4 d5 27.f6 Bf8 28.Qc3 Qb6+ 29.Nf2 Re3
30.Qc8 Qxb2 31.Rd1 Qe5 32.Nf1 Re2 33.Ng4 Qxg5 34.Rxd5 Rg2+ 35.Kh1  1-0

[Event "Quality Chess Int"]
[Site "Edinburgh SCO"]
[Date "2009.09.17"]
[Round "6"]
[White "Eggleston,D"]
[Black "Mikkelsen,N"]
[Result "0-1"]
[WhiteElo "2368"]
[BlackElo "2361"]

1.e4 c5 2.Nc3 Nc6 3.Nge2 Nf6 4.d4 cxd4 5.Nxd4 d6 6.Bg5 e6 7.Qd2 a6 8.O-O-O Bd7
9.f4 b5 10.Bxf6 gxf6 11.Kb1 Qb6 12.Nf3 b4 13.Ne2 Qf2 14.f5 h5 15.fxe6 fxe6
16.Ne1 Qb6 17.Nf4 Ne5 18.Ned3 Bh6 19.Qe2 Bxf4 20.Nxf4 Ke7 21.Qd2 a5 22.Be2 a4
23.Qd4 Qc6 24.Qxb4 Rab8 25.Qd4 Rb6 26.Rd2 Rhb8 27.c4 Rb4 28.Rf1 Be8 29.Rc1 R8b6
30.Rc3 Bf7 31.a3 Rb3 32.Rxb3 Rxb3 33.Ka1 h4 34.Ka2 Bg8 35.c5 Qxc5 36.Qxa4 Rb8
37.Qd4 Qxd4 38.Rxd4 Nc6 39.Rd2 e5+ 40.Nd5+ Bxd5+ 41.Rxd5 Rg8 42.Bb5 Nd4 43.Bf1 Rg4
44.Ra5 Rxe4 45.Ra7+ Kd8 46.b4 Rf4 47.Bc4 Rf2+ 48.Kb1 e4 49.b5 e3 50.b6 e2
51.Bxe2 Rxe2 52.a4 Nc6 53.Rc7 Na5 54.Rh7 Re4 55.b7 Rb4+ 56.Kc2 Nxb7 57.a5 Nxa5
58.Rf7 Rf4 59.Kd3 Ke8 60.Ra7 Nc4  0-1

[Event "ch-NED w"]
[Site "Haaksbergen NED"]
[Date "2009.09.17"]
[Round "7"]
[White "De Mie,M"]
[Black "Munnik,T"]
[Result "1-0"]
[WhiteElo "2192"]
[BlackElo "2009"]

1.e4 c5 2.Nc3 Nc6 3.Nf3 d6 4.d4 cxd4 5.Nxd4 Nf6 6.Bc4 e6 7.Bb3 Be7 8.Be3 O-O
9.Qe2 Bd7 10.O-O-O Na5 11.g4 Nxb3+ 12.axb3 Bc6 13.g5 Nd7 14.Rhg1 Qa5 15.Kb1 Rfc8
16.Qg4 b5 17.Qh3 b4 18.Nxc6 Rxc6 19.g6 hxg6 20.Rxg6 fxg6 21.Qxe6+ Kh7 22.Nd5 Bd8
23.Qxd7 Ra6 24.c4 bxc3 25.Bd4 Qa2+ 26.Kc2 Qxb2+ 27.Kd3  1-0

[Event "TCh-SRB w"]
[Site "Pozarevac SRB"]
[Date "2009.09.17"]
[Round "4"]
[White "Eric,J"]
[Black "Vuckovic,J"]
[Result "1-0"]
[WhiteElo "2137"]
[BlackElo "1904"]

1.e4 c5 2.Nf3 Nc6 3.Nc3 g6 4.g3 Bg7 5.Bg2 e6 6.O-O d6 7.d3 Nge7 8.Be3 O-O
9.d4 cxd4 10.Nxd4 a6 11.Nde2 Qc7 12.Qd2 Ne5 13.b3 Ng4 14.Bg5 f6 15.h3 fxg5
16.hxg4 h6 17.Rad1 Rd8 18.a4 Nc6 19.f4 gxf4 20.gxf4 Qa5 21.f5 gxf5 22.exf5 Qe5
23.Kh1 exf5 24.Qd5+ Be6 25.Qxe5 Bxe5 26.gxf5 Bf7 27.Nd5 Kh8 28.Nef4 Rg8 29.Rd3 Rg4
30.Rh3 Kh7 31.Bf3 Bxd5 32.Nxd5 Rg5 33.Be4 h5 34.f6+ Kh6 35.Nc7 Rf8 36.Ne6 Rxf6
37.Rxf6+ Bxf6 38.Nxg5 Kxg5 39.Kg2 h4 40.Rf3 Nd4 41.Rf2 b6 42.c3 Ne6 43.Rf5+ Kg6
44.Rd5+ Kf7 45.Rxd6 Ke7 46.Rxb6 a5 47.c4 Ng5 48.Bf5 Be5 49.Ra6 Bc7 50.c5 Nf7
51.Kh3 Ne5 52.Kxh4 Nf3+ 53.Kg4 Nd4 54.Ra7 Kd8 55.Rb7 Nc6 56.Be4 Nd4 57.b4 axb4
58.Rxb4 Ne6 59.c6 Bd6 60.Rc4 Kc7 61.a5 Nc5 62.Kf5 Kb8 63.Bd5 Kc7 64.Rh4 Kc8
65.Rh7 Kb8 66.Bc4 Bc7 67.a6  1-0

[Event "Uxbridge Congress Open"]
[Site "Uxbridge ENG"]
[Date "2009.09.18"]
[Round "1"]
[White "Atako,C"]
[Black "Tozer,R"]
[Result "0-1"]
[WhiteElo "2088"]
[BlackElo "2286"]

1.e4 c5 2.Nf3 Nc6 3.Nc3 e6 4.Bb5 Nd4 5.O-O a6 6.Bd3 Nc6 7.Re1 b5 8.e5 d5
9.exd6 Nf6 10.Ne4 Bxd6 11.b3 Bb7 12.Bb2 Be7 13.a4 b4 14.Ne5 Nxe5 15.Bxe5 O-O
16.Bxf6 gxf6 17.Qh5 f5 18.Re3 Qd4 19.c3 bxc3 20.dxc3 Qe5 21.Rh3 Rfd8 22.Qxh7+ Kf8
23.Rg3 Ke8 24.Ng5 Bxg5 25.Qg8+ Ke7 26.Qxg5+ Qf6 27.Qxf6+ Kxf6 28.Bc4 Rd2
29.Rd3 Rc2 30.Rad1 Rg8 31.g3 Rb8 32.R1d2 Rc1+ 33.Rd1 Rc2 34.f3 a5 35.R1d2 Rxd2
36.Rxd2 Bxf3 37.Rd7 Rb7 38.Rd8 Ke5 39.Ra8 Rxb3 40.Rxa5 Rxc3 41.Kf2 Ke4 42.Bf1 Rc2+
43.Kg1 Ke3 44.Rb5 c4 45.Re5+ Kd4 46.Re1 Be4 47.h4 c3  0-1